Nuka World Characters Fallout 4 - Statistics

General Stats
  • This quiz has been taken 89 times
  • The average score is 13 of 45
Answer Stats
Hint Answer % Correct
Mascot #2 Cappy
88%
Companion Porter Gage
82%
Mascot #1 Bottle
77%
The Overboss you have to kill Overboss Colter
72%
Leader of the Pack Mason
63%
Has a Gorilla family in the Safari Adventure Cito
62%
Protectron in the shape of a bottle N.I.R.A
62%
A Glowing One magician Oswald the Outrageous
58%
Leader of the Disciples Nisha
57%
Female leader of the Operators Mags Black
52%
Founder of Nuka World John-Caleb Bradberton
50%
Male Leader of the Operators William Black
47%
A important member of the Disciples Dixie
45%
She is also in Fallout 3 and obsessed with Nuka Cola Sierra Petrovita
43%
Asks you to help his family but he lied Harvey
38%
Top enforcer of the Disciples Savoy
30%
Leader of the Hubologists Dara Hubbell
28%
Slave doctor Mackenzie Bridgeman
28%
The guy who can get information Shank
25%
A Hubologist Random Encounter Cleansed
22%
Creation on a real life person who passed away Evan
22%
Important member of the Operators Lizzie Wyath
20%
Ghost Child in the Mystery Mansion Lucy Grandchester
17%
Mechanic of the quest Amoral Combat Fritsch
15%
Mechant Slave Aaron Corbett
13%
Gunner who is found at the Nuka World Transit centre Kaylor
13%
Hubologist Tula Spinney
13%
Former Gunner in the Mystery Mansion Zachariah
13%
Slave at the Nuka Town Market Chip Morse
12%
Former Gunner that fleed with his family Brett Dunmore
10%
Challenger in the Cola Cars Arena (Gunner) Commander Bear
10%
Merchant slave at the Nuka Town Market Maddox
10%
Slave at the Nuka Town Market Shelbie Chase
10%
Daughter of the former Gunner Kali Dunmore
8%
A Hubologist Maurice Turner
8%
Wife of the former Gunner Monique Dunmore
8%
Amoral Combat Challenger Gunner Sabot
8%
Slave in the Cappy Cafe Keith Dawkins
7%
Hubologist Phil Roller
7%
Hubologist Rolanda Hooper
7%
Female which can be found at the Nuka Town Market Katelyn Alden
5%
Amoral Combat Challenger with a Stealth Boy Sabine
5%
Random Encouter has a name of a soccer club Chelsea
3%
Slave in the Cappy Cafe Lauren Plummer
3%
Random Encounter Raider Sinner
3%
No matching quizzes found
Score Distribution
Percent of People with Each Score
Percentile by Number Answered
Your Score History
You have not taken this quiz